EILHART VON OBERG, Tristan et Isald, éd. et trad. Danielle BUSCHINGER, Paris, Champion, 2007 ; 1 vol. in-8o, 243 p. (Traductions des classiques du Moyen Âge, 80). ISBN : 978- 2-7453-1597-7. Prix : € 25,00. (notice n° 1603653)
[ vue normale ]
| 000 -LEADER | |
|---|---|
| fixed length control field | 00637cam a2200145 4500500 |
| 005 - DATE AND TIME OF LATEST TRANSACTION | |
| control field | 20251228092830.0 |
| 041 ## - LANGUAGE CODE | |
| Language code of text/sound track or separate title | fre |
| 042 ## - AUTHENTICATION CODE | |
| Authentication code | dc |
| 100 10 - MAIN ENTRY--PERSONAL NAME | |
| Personal name | Lecouteux, Claude |
| Relator term | author |
| 245 00 - TITLE STATEMENT | |
| Title | EILHART VON OBERG, Tristan et Isald, éd. et trad. Danielle BUSCHINGER, Paris, Champion, 2007 ; 1 vol. in-8o, 243 p. (Traductions des classiques du Moyen Âge, 80). ISBN : 978- 2-7453-1597-7. Prix : € 25,00. |
| 260 ## - PUBLICATION, DISTRIBUTION, ETC. | |
| Date of publication, distribution, etc. | 2011.<br/> |
| 500 ## - GENERAL NOTE | |
| General note | 48 |
| 786 0# - DATA SOURCE ENTRY | |
| Note | Le Moyen Age | CXVII | 1 | 2011-12-10 | p. 117zz-187zz | 0027-2841 |
| 856 41 - ELECTRONIC LOCATION AND ACCESS | |
| Uniform Resource Identifier | <a href="https://shs.cairn.info/revue-le-moyen-age-2011-1-page-117zz?lang=fr&redirect-ssocas=7080">https://shs.cairn.info/revue-le-moyen-age-2011-1-page-117zz?lang=fr&redirect-ssocas=7080</a> |
Pas d'exemplaire disponible.




Réseaux sociaux